000 00356cam a22001217a 4500
008 180718b1960 xxu||||| |||| 00| 0 eng d
082 _aI5007 C786
100 _aCooper, Joseph D.
245 _aHow to communicate policies and instructions
_cby Joseph D. Cooper
260 _aWashington
_bBNA
_c1960
300 _a348p.
650 _aCommunication in management
999 _c363108
_d363108